Responses for Show #1534 - Thursday, April 11, 1991

Game entered from audiorecording. Missing prizes.

Contestants

[<< previous game]

Burt Albert, a lawyer from Salem, Virginia

Janet Hutchinson, a bank executive from Hamilton, New Jersey

Les Friedman, a humanities teacher from Manlius, New York (whose 1-day cash winnings total $3,590)

[next game >>]

Jeopardy! Round responses

NAMES IN THE NEWS
NEW YORK STATE
COLLEGES & UNIVERSITIES
AKA
MYTHOLOGY
"ALL" OR "NOTHING"
    $100 8
Madonna

Burt
    $100 21
Nelson Rockefeller

Burt
    $100 1
Harvard

Burt
    $100 6
Tony Bennett

Triple Stumper
    $100 13
Midas

Burt
    $100 17
All-American

Burt
    $200 9
Lech Walesa

Janet
    $200 22
Long Island

Les
    $200 2
Atlanta

Les
    $200 7
(Les: Who is Peter Falk?)
(Alex: If you go the other way, you might come up with who is [*]?)

Robert Conrad

Les
Triple Stumper
    $200 29
[The end-of-round signal sounds.]

the Vestal Virgins

Les
    $200 18
(Burt: What is All Things Great and Small?)

(1 of) All Creatures Great And Small, All Things Wise And Wonderful, or All Things Bright And Beautiful

Burt
Triple Stumper
    $300 10
Greta Garbo

Burt
    $300 23
(Les: What is New Amsterdam?)
...
(Alex: The city was New Amsterdam, the province was [*]. We have less than a minute to go, Les.)

New Netherlands

Les
Triple Stumper
    $300 3
(1 of) Knoxville, Memphis, Martin, or Chattanooga

Burt
    $300 14
(Janet: Who is Emilio Estevez?)
...
(Alex: Same family. Emilio is his son. [*] is the father.)

Martin Sheen

Janet
Triple Stumper
    $300 26
trivia

Les
    $300 19
(Janet: What is All's Well That Ends Well?)

Much Ado About Nothing

Janet
Triple Stumper
    $500 11
(William) Bennett

Burt
    $400 24
Thomas Dewey

Les
    $400 4
Carnegie Mellon

Burt
    $400 15
Peter Graves

Burt
    $400 20
"All Shook Up"

Les
    $500 12
John Sununu

Les
    $500 25
Corning

Les
    $500 5
Boston

Triple Stumper
    $500 16
Della Reese

Burt
    $500 27
Maui

Triple Stumper
    $500 28
the Know-Nothing Party

Burt

Scores at the first commercial break (after clue 11):

Les Janet Burt
$0 $200 $1,700

Scores at the end of the Jeopardy! Round:

Les Janet Burt
$2,200 -$400 $3,200

Double Jeopardy! Round responses

THE 20th CENTURY
BIOLOGY
COMPOSERS
EUROPEAN RIVERS
QUOTES
FRUITY STORIES
    $200 6
the Rose Bowl

Janet
    $200 26
DNA

Burt
    $200 17
Bizet

Les
    $200 7
the Thames

Burt
    $200 1
when a man bites a dog

Les
    $200 16
(Les: What is Huck Finn? What are [*]?)
(Alex: Gosh...)
(Judges: [Offstage] He said it the second time.)
(Alex: He said it the second time... all right, we'll give it to you, Les. Remember, it's FRUITY STORIES, and "Huck Finn" doesn't quite make it. [*].)

The Adventures of Huckleberry Finn

Les
    $400 8
Jackie Kennedy

Janet
    $400 27
(Les: What is the mitral valve?)

the tricuspid valve

Les
Triple Stumper
    $400 18
(Johann) Strauss

Burt
    $400 9
the Volga

Janet
    $400 2
Al Jolson

Les
    $400 20
The Grapes of Wrath

Burt
    $600 13
Neptune

Janet
    $600 28
the cornea

Burt
    $600 19
(Burt: Who's Liszt?)
...
(Alex: The other great pianist at the time, who was [*]?)

Chopin

Burt
Triple Stumper
    $600 10
(Les: What is the Liffey?)

the Shannon River

Les
Triple Stumper
    $1,000 3
(Alex: In his Nobel Prize-winning speech.)

Martin Luther King

Les
    $600 21
The Apple Dumpling Gang

Les
    $800 14
(Janet: What is Spain?)

Portugal

JanetBurt
    $600 29
[The end-of-round signal sounds.]

clot

Burt
    $800 24
(Alex: And we have less than a minute to go in the round.)

Igor Stravinsky

Triple Stumper
    $800 11
Spain

Burt
    $800 4
(Mario) Puzo

Burt
    $800 22
A Clockwork Orange

Burt
    $1000 15
(Burt: What is Health, Education, and Welfare?)
(Les: What is the Department of Education?)

the Environmental Protection Agency (EPA)

LesBurt
Triple Stumper
    $1000 25
"Pictures At An Exhibition"

Triple Stumper
    $1000 12
the Marne

Triple Stumper
    $1000 5
America

Triple Stumper
    $1000 23
Wild Strawberries

Les

Scores at the end of the Double Jeopardy! Round:

Les Janet Burt
$3,800 $400 $7,200

[wagering suggestions for these scores]

Final Jeopardy! Round responses

AMERICAN DRAMA
JanetWhat is
$400
LesWhat is
$3,800
BurtWhat is Daisy Miller?
$2,800
The Heidi Chronicles or Driving Miss Daisy

Final scores:

Les Janet Burt
$0 $0 $4,400
2nd place 3rd place New champion: $4,400

Game dynamics:

Coryat scores:

Les Janet Burt
$3,400 $400 $7,300
15 R
(including 1 DD),
5 W
5 R,
3 W
22 R
(including 2 DDs),
3 W

Combined Coryat: $11,100

[game clues] [game scores] [suggest correction]

Game tape date: 1991-02-12
The J! Archive is created by fans, for fans. Scraping, republication, monetization, and malicious use prohibited; this site may use cookies and collect identifying information. See terms. The Jeopardy! game show and all elements thereof, including but not limited to copyright and trademark thereto, are the property of Jeopardy Productions, Inc. and are protected under law. This website is not affiliated with, sponsored by, or operated by Jeopardy Productions, Inc. Join the discussion at JBoard.tv.